| 000 | 00466nam a2200169Ia 4500 | ||
|---|---|---|---|
| 003 | GCL | ||
| 008 | 140319s9999 xx 000 0 eng d | ||
| 040 |
_aGCL / _cGCL |
||
| 082 | 0 | 4 |
_a621.4021 _bRT |
| 100 | 1 | _aROLLE, KURT C. | |
| 245 | 1 | 0 |
_aTher Modynamics And Heat Power / _cROLLE, KURT C. |
| 260 |
_a[S.N] : _bMacmillan Publishing Company ، _c1969 |
||
| 300 | _a664 P | ||
| 650 | 0 | 4 | _aالتحليل الرياضى |
| 650 | 0 | 4 | _aTHERMODYNAMICS |
| 942 |
_2ddc _cBK |
||
| 999 |
_c18131 _d18131 |
||